000
00221nam a22000857a 4500
008
161228b xxu||||| |||| 00| 0 eng d
100
_9
2224
_a
Chaturvedi.R
245
_a
Work Book Social Science-8
260
_a
New delhi
_b
APC
_c
2009
999
_c
5113
_d
5113